| 000 | 00839pab a2200169 454500 | ||
|---|---|---|---|
| 008 | 180718b2003 xxu||||| |||| 00| 0 eng d | ||
| 100 | _aSanjay Kumar | ||
| 245 | _aDelimitation on basis of 2001 census: damage control exercise | ||
| 260 | _c2003 | ||
| 300 | _ap.1835-837. | ||
| 362 | _a10 May | ||
| 520 | _aThe cabinet has recently cleared a bill amending the Delimitation Act 2002, to be introduced in parliament this session paving the way for the 2001 census to be used as the basis for delimitation. While this will take care of many distortions that would have occurred otherwise, another issue that needs to be resolved is whether reservation of seats should be undertaken on a rotational basis. - Reproduced. | ||
| 650 | _aElections - India | ||
| 650 | _aElections | ||
| 773 | _aEconomic and Political Weekly | ||
| 909 | _a56451 | ||
| 999 |
_c56451 _d56451 |
||